00579nam a2200145Ia 4500008004100000020001800041050002000059245009800079260002300177300002000200440004700220504004100267650009600308700002900404120626s9999 xx 000 0 und d a84-87767-49-4 aLC3969 I44 1996 aDidáctica y organización en educación especial / coord. Nuria Illán Romeu... (et al.) aEspaña : Aljibe a160 p. ; 24 cm. aColección educación para la diversidad aIncluye referencias bibliográficas a1. Educación especial - Planificación. 2. Educación - Planificación - Técnica  a\Illán Romeu, NuriaÌ